Reduced membrane damage and higher lea protein content under low temperature: Probable causes for delayed defoliation of Hevea in North East India (Record no. 66574)
[ view plain ]
| 000 -LEADER | |
|---|---|
| fixed length control field | 01319nam a2200229Ia 4500 |
| 100 ## - MAIN ENTRY--AUTHOR NAME | |
| Personal name | Ray D |
| 245 #0 - TITLE STATEMENT | |
| Title | Reduced membrane damage and higher lea protein content under low temperature: Probable causes for delayed defoliation of Hevea in North East India |
| 260 ## - PUBLICATION, DISTRIBUTION, ETC. (IMPRINT) | |
| Name of publisher | Natural Rubber Research |
| Year of publication | 2004 |
| 300 ## - PHYSICAL DESCRIPTION | |
| Number of Pages | 79-85 |
| 520 ## - SUMMARY, ETC. | |
| Summary, etc | Two popular clones of Hevea brasiliensis were studied to understand their defoliation pattern in relation to some of the biochemical parameters during the winter season. The low temperature induced changes such as membrane injury, anthocyanin and late embryogenesis abundant (LEA) protein accumulation were examined. The early defoliation clone RRII 105 showed high membrane injury, anthocyanin accumulation and rapid chlorophyll degradation with low LEA protein, whereas the late defoliating clone RRIM 600, recorded the opposite trend. It can be inferred that the temporal difference in wintering and in the biochemical parameters studied are related to cold susceptibility |
| 650 ## - SUBJECT ADDED ENTRY--TOPICAL TERM | |
| Topical Term | Anthocyanin |
| 650 ## - SUBJECT ADDED ENTRY--TOPICAL TERM | |
| Topical Term | Chlorophyll |
| 650 ## - SUBJECT ADDED ENTRY--TOPICAL TERM | |
| Topical Term | Defoliation |
| 650 ## - SUBJECT ADDED ENTRY--TOPICAL TERM | |
| Topical Term | Hevea brasiliensis |
| 650 ## - SUBJECT ADDED ENTRY--TOPICAL TERM | |
| Topical Term | LEA protein |
| 650 ## - SUBJECT ADDED ENTRY--TOPICAL TERM | |
| Topical Term | Membrane damage |
| 700 ## - ADDED ENTRY--PERSONAL NAME | |
| Personal name | Das G |
| 700 ## - ADDED ENTRY--PERSONAL NAME | |
| Personal name | Dey S K |
| 700 ## - ADDED ENTRY--PERSONAL NAME | |
| Personal name | Raj S |
| 942 ## - ADDED ENTRY ELEMENTS (KOHA) | |
| Koha item type | Journals |
| Withdrawn status | Lost status | Damaged status | Not for loan | Home library | Current library | Shelving location | Date acquired | Serial Enumeration / chronology | Koha item type |
|---|---|---|---|---|---|---|---|---|---|
| Journals | RRII Library | RRII Library | Physiology | 17/12/2021 | Volume 17, Issue 1 | Journals |